000
00229nam a22000857a 4500
999
_c
11508
_d
11508
008
190530b ||||| |||| 00| 0 eng d
020
_a
9781576581377
100
_9
7225
_a
BENGE J G
245
_a
ERIC LIDDELL SOMETHING GREATER THAN GOLD